<?xml version="1.0" encoding="UTF-8"?>
<collection xmlns="http://www.loc.gov/MARC21/slim">
 <record>
  <leader>00938pamaa2200217   4500</leader>
  <controlfield tag="001">0000047000</controlfield>
  <controlfield tag="005">20130314090000.0</controlfield>
  <controlfield tag="008">100427                             eng  </controlfield>
  <datafield tag="020" ind1="0" ind2="0">
   <subfield code="a">9781437703368 </subfield>
  </datafield>
  <datafield tag="090" ind1="0" ind2="0">
   <subfield code="a">RC78.7.D53 </subfield>
   <subfield code="b">MCQ 2011</subfield>
  </datafield>
  <datafield tag="100" ind1="1" ind2="0">
   <subfield code="a">McQuillen-Martensen </subfield>
  </datafield>
  <datafield tag="245" ind1="1" ind2="0">
   <subfield code="a">Radiographic image analysis  </subfield>
   <subfield code="c">Kathy McQuillen Martensen.</subfield>
  </datafield>
  <datafield tag="250" ind1="0" ind2="0">
   <subfield code="a">3rd ed.</subfield>
  </datafield>
  <datafield tag="260" ind1="0" ind2="0">
   <subfield code="a">Maryland Heights, Mo.: </subfield>
   <subfield code="b">Saunders/Elsevier, </subfield>
   <subfield code="c">2010.</subfield>
  </datafield>
  <datafield tag="300" ind1=" " ind2=" ">
   <subfield code="a">ix, 582p: </subfield>
   <subfield code="b">ill.; </subfield>
   <subfield code="c">26 cm.</subfield>
  </datafield>
  <datafield tag="501" ind1="0" ind2="0">
   <subfield code="a">DMIGI</subfield>
  </datafield>
  <datafield tag="504" ind1="0" ind2="0">
   <subfield code="a">Includes bibliographical references and index</subfield>
  </datafield>
  <datafield tag="505" ind1="0" ind2="0">
   <subfield code="a">Image analysis guidelines -- Digital radiography -- Chest and abdomen -- Upper extremity -- Shoulder -- Lower extremity -- Hip and pelvis -- Cervical and thoracic vertebrae -- Lumbar vertebrae, sacrum, and coccyx -- Sternum and ribs -- Cranium -- Digestive system</subfield>
  </datafield>
  <datafield tag="650" ind1="0" ind2="0">
   <subfield code="a">Technology, Radiologic </subfield>
  </datafield>
  <datafield tag="650" ind1="0" ind2="0">
   <subfield code="a">Radiography -- </subfield>
   <subfield code="x">methods </subfield>
  </datafield>
  <datafield tag="901" ind1=" " ind2=" ">
   <subfield code="u">http://www.elsevierhealth.com</subfield>
  </datafield>
 </record>
</collection>
